Komitmen Muslim sejati

Bibliographic Details
Main Author: Tim Redaksi
Format: Book
Published: Kuala Lumpur : DarulFikir , 2004
Subjects:

MARC

LEADER 00000cam a2200000 7i4500
001 0000013870
005 20080205.0
008 050208
020 |a 9795618431 
090 0 0 |a 297.57081   |b TIM 
100 0 |a Tim Redaksi 
245 1 0 |a Komitmen Muslim sejati   |c Tim Redaksi 
260 |a Kuala Lumpur :   |b DarulFikir ,   |c 2004 
650 0 |a Islam   |x Customs and practices 
650 0 |a Religions life   |x Islam 
999 |a 0001004847   |b Book   |c Adult Collection   |e Perbadanan Perpustakaan Awam Johor 
999 |a 0001004848   |b Book   |c Adult Collection   |e Perbadanan Perpustakaan Awam Johor